Responses for show #1128 - Wednesday, June 28, 1989

Contestants

Daniel Kim, a patent lawyer originally from New York City

Randy Woodland, a university lecturer originally from Baton Rouge, Louisiana

Julie Dock, an editor from Torrance, California (whose 2-day cash winnings total $24,798)

Jeopardy! Round responses

FRANCE
"LAST" MOVIES
WARS
DANCE HISTORY
CELEBRITY BOOKS
SPELL THAT NAME
    $100 19
Catholic Church

Randy
    $100 1
The Last Temptation of Christ

Daniel
    $100 21
Argentina

Julie
    $100 16
cemetery

Julie
    $100 11
Jackie Gleason

Randy
    $100 6
B-E-N-T-S-E-N

Daniel
    $200 20
Winter Olympics

Daniel
    $200 2
The Last Detail

Daniel
    $200 25
War of 1812

Randy
    $200 17
dance marathon

Randy
    $200 12
(Alex: You're finally on the scoreboard and we're going to take our break.)
(Julie: Just when I get going.)
[Laughter]

cook book

Julie
    $200 7
N-E-S-T-L-E-S

Randy
    $300 22
(Alex: Correct and we got a minute to go.)

Foreign Legion

Julie
    $300 3
The Last Hurrah

Randy
    $300 26
Korea

Randy
    $300 18
(Julie: Who is Ruth Denis?)

Ruth St. Denis

Julie
Triple Stumper
    $300 13
Natalie Wood

Daniel
    $300 8
A-N-J-E-L-I-C-A

Randy
    $400 23
patisserie

Julie
    $500 4
Last of the Red Hot Lovers

Randy
    $400 27
minuet

Daniel
    $400 14
John Gielgud

Julie
    $400 9
(Alex: Rosanna [*] was actress, right.)

A-R-Q-U-E-T-T-E

Daniel
    $500 24
(Julius) Caesar

Daniel
    $500 5
The Last Waltz

Daniel
    $500 28
(Daniel: What is the rumba?)
(Julie: What is the samba?)
[The end of round signal sounds.]

conga

JulieDaniel
Triple Stumper
    $500 15
Postcards from the Edge

Triple Stumper
    $500 10
(Alex: Aw, don't tell me no one's gonna ring in on this.)
[Laughter]
(Randy: What is [*]?)
[Applause]

R-E-D-E-N-B-A-C-H-E-R

Randy

Scores at the first commercial break (after clue 12):

Julie Randy Daniel
$200 $1,900 $1,300

Scores at the end of the Jeopardy! Round:

Julie Randy Daniel
$700 $2,700 $2,200

Double Jeopardy! Round responses

GOVERNMENT & POLITICS
MUSICAL THEATER
THE '50s
ARCHITECTS
WORLD GEOGRAPHY
"L.A."
    $200 6
(Julie: What is the Democratic-Republican?)

Democratic

JulieRandy
    $200 1
The Wizard of Oz

Daniel
    $200 16
high fidelity

Randy
    $200 11
Cuba

Daniel
    $200 21
Latin America

Julie
    $400 7
Adlai Stevenson

Daniel
    $400 2
Russia

Daniel
    $400 17
Joe DiMaggio

Julie
    $400 12
(Alex: Sorry, Julie, you didn't ring in fast enough. Why is it we always stop when we reach a Canadian clue?)

Quebec

Triple Stumper
    $400 22
liberal arts

Daniel
    $600 8
John Anderson

Daniel
    $2,800 3
(Alex: Yul Brynner from The King and I.)

Siam (Thailand)

Daniel
    $600 18
(Daniel: What is... Atlanta?)

Milwaukee

JulieDaniel
    $600 13
(Randy: What is Amsterdam?)
(Julie: What is Rotterdam?)

The Hague

JulieRandy
Triple Stumper
    $600 23
(Alex: We have less than a minute.)

Little Anthony

Julie
    $800 9
(Randy: What is Housing & Urban Development?)
(Julie: What is Health & Human Services?)

Education

JulieRandyDaniel
    $800 4
whistle

Daniel
    $800 19
Peyton Place

Daniel
    $3,400 27
[The end of round signal sounds.]

Thomas Jefferson

Randy
    $800 14
Adriatic

Daniel
    $800 24
liquid assets

Randy
    $1000 10
Eugene Debs

Daniel
    $1000 5
(Alex: You've seen a lot of Broadway theater, I guess?)
[Applause for Daniel's run of the category.]

I Do! I Do!

Daniel
    $1000 20
J. Fred Muggs

Triple Stumper
    $1000 26
Jones

Randy
    $1000 15
(Daniel: What is South Carolina?)
(Randy: What is Georgia?)

North Carolina

RandyDaniel
Triple Stumper
    $1000 25
lactic acid

Randy

Scores at the end of the Double Jeopardy! Round:

Julie Randy Daniel
$900 $6,900 $10,800

[wagering suggestions for these scores]

Final Jeopardy! Round responses

POETRY
(Alex: The poem is by George Ellis and it's called The Twelve Months.)
JulieWhat are clouds?
$900
RandyWhat are the bells?
$6,900
DanielWhat are the 12 mos.? four seasons?
$3,200
12 months

Final scores:

Julie Randy Daniel
$0 $0 $14,000
3rd place: Hotpoint refrigerator 2nd place: trip on Continental to Denver with limousine tour & carriage ride New champion: $14,000

Game dynamics:

Coryat scores:

Julie Randy Daniel
$900 $4,200 $8,600
10 R,
5 W
16 R
(including 2 DDs),
3 W
22 R
(including 1 DD),
3 W

Combined Coryat: $13,700

The J! Archive is created by fans, for fans. The Jeopardy! game show and all elements thereof, including but not limited to copyright and trademark thereto, are the property of Jeopardy Productions, Inc. and are protected under law. This website is not affiliated with, sponsored by, or operated by Jeopardy Productions, Inc. Join the discussion at JBoard.tv.